|
|
|
|
| LEADER |
00000nam a22000007a 4500 |
| 005 |
20191015222113.0 |
| 007 |
cr|||| |||| |
| 008 |
191015s2017 br |||||s|||| 00||0 por d |
| 020 |
|
|
|a 978-85-69220-32-9
|
| 035 |
|
|
|a 30554
|
| 040 |
|
|
|a vLex
|
| 090 |
|
|
|c 9831
|d 9831
|
| 100 |
1 |
|
|a De Souza, Luciano Anderson
|
| 245 |
1 |
0 |
|a Temas de processo administrativo
|h [Recurso electrn̤ico] /
|c Luciano Anderson De Souza, Ruy Cardozo De Mello Tucunduva Sobrinho
|
| 256 |
|
|
|a Servicio en ln̕ea
|
| 260 |
|
|
|a San Pablo:
|b Editora ContraCorrente,
|c 2017
|
| 300 |
|
|
|a 1 recurso electrn̤ico
|
| 500 |
|
|
|a A presente obra ren︢e deputados especialistas em torno de temas que, apesar apresentarem uma relevńcia inconteste, ainda nô haviam recebido o merecido tratamento doutrinr̀io. Em todos os artigos transparece a louvv̀el preocupaȯ̂ de construir uma maneira de litigar com a administraȯ̂ pb︢lica mais democrt̀ica e em prol da sociedade brasileira. A ordem de leitura das diferenciadas contribuiė̳s ̌aquela que o leitor julga mais pertinente, mas o ider̀io subjacente nô pode, em qualquer caso ser ouvidado.
|
| 506 |
1 |
|
|a Disponible solo en los productos indicados
|d vLex Global
|d vLex Global (Academic Edition, excluding Law Schools)
|d vLex Global (U.S. Academic Edition, Law Schools)
|d vLex Global (U.S. Academic Edition, excluding Law Schools)
|d vLex Global (Academic Edition, Law Schools)
|
| 650 |
0 |
4 |
|a Procedimiento Contencioso-Administrativo
|z Brasil
|
| 700 |
1 |
|
|a Tucunduva Sobrinho, Ruy Cardozo De Mello
|
| 740 |
0 |
|
|a vLex Libros (Servicio en ln̕ea)
|
| 856 |
4 |
0 |
|u http://vlex.com/source/temas-de-processo-administrativo-30554
|z Acceso restringido
|
| 942 |
|
|
|c BOOK
|
| 999 |
0 |
|
|a Contentious-Administrative Procedure
|